000 00445nam a22001697a 4500
003 NUST
005 20210201124352.0
020 _a9698455167
038 _aArshad
082 _a954.7034
_bROY
100 _aSatya M. Roy
_935638
245 _aPunjab Ki Inqilabi Tahreekein:
_b1906-1946/
_cSatya M. Roy
260 _aLahore:
_bJamhori publications,
_c2009
300 _a176 p.
650 _aHistory- Pakistan- Tahreekein
_935639
942 _2ddc
_cBK
999 _c541249
_d541249